000
00290nam a2200133Ia 4500
100
_a
Bagde/M.K.
942
_c
BK
654
_a
elements
245
_a
Elements of electronics
260
_b
S.Chand and Co.
_a
New Dellhi
_c
1984
082
_a
621.381
_b
BAG
300
_a
278
546
_a
ENGLISH
999
_c
28181
_d
28181